logo

Bir Sreshtho Munshi Abdur Rouf Library
Jhenaidah Cadet College

মঞ্চব্যস্থাপনা / (Record no. 8399)

MARC details
000 -LEADER
fixed length control field 00706nam a2200229 a 4500
001 - CONTROL NUMBER
JCCL Control Number 8399
003 - CONTROL NUMBER IDENTIFIER
JCCL marc code BD-JhCC
005 - DATE AND TIME OF LATEST TRANSACTION
control field 20180222174320.0
008 - FIXED-LENGTH DATA ELEMENTS--GENERAL INFORMATION
fixed length control field 180222s2000 bg a|||| ||a| 000 0 be d
020 ## - INTERNATIONAL STANDARD BOOK NUMBER
International Standard Book Number 9845550142
035 ## - SYSTEM CONTROL NUMBER
system control number (BD-JhCC)8399
040 ## - CATALOGING SOURCE
Original cataloging agency BD-JhCC
Modifying agency BD-JhCC
041 ## - LANGUAGE CODE
Language code of Book ben
082 ## - DEWEY DECIMAL CLASSIFICATION NUMBER
Classification number 792
Author mark and Year SHA 2000
100 ## - MAIN ENTRY--PERSONAL NAME
Personal name সারোয়ার,গোলাম.
245 ## - TITLE STATEMENT
Title মঞ্চব্যস্থাপনা /
Statement of responsibility, etc গোলাম সারোয়ার.
260 ## - PUBLICATION, DISTRIBUTION, ETC. (IMPRINT)
Place of publication, distribution, etc ঢাকা :
Name of publisher, distributor, etc বাংলাদেশ শিল্পকলা একাডেমী ;
Date of publication, distribution, etc 2000.
300 ## - PHYSICAL DESCRIPTION
Pagination 152 p. :
Other physical details ill;
Dimensions 21 cm.
651 ## - SUBJECT ADDED ENTRY--GEOGRAPHIC NAME
Geographic name stage Mangement.
942 ## - ADDED ENTRY ELEMENTS (KOHA)
Source of classification or shelving scheme Library of Congress Classification
Koha item type Books
Holdings
Source of classification or shelving scheme Damaged status Not for loan Home library Current library Shelving location Date of accession Cost, normal purchase price Total Checkouts Full call number Barcode Date last seen Copy number Koha item type
Dewey Decimal Classification     JCC Rouf Library JCC Rouf Library General Stacks 02/22/2018 90.00   792 SHA 2000 10715 02/22/2018 C - 1 Books

JCC Library | Contacts | JCC Home

Last Update on 23 September 2017
Copyright @ 2017-2020 JCC Rouf Library
Rouf Library, Jhenidah Cadet College (JCC), Bangladesh